1775 1537 1711 1113 1092 1074 1724 1761 1265 1079 1721 1004 1173 1667 1188 1772 1208 1002 1828 1901 1057 1111 1597 1276 1724 1348 1058 1430 1230 1785 1754 1382 1866 1882 1501 1613 1759 1339 1595 1216 1972 1763 1918 1262 1289 1567 1604 1005 1334 1162 1670 1392 1499 1784 1346 1413 1565 1348 1368 1630 1658 1700 1146 1732 1592 1314 1670 1690 1438 1263 1474 1102 1853 1522 1060 1878 1349 1980 1281 1975 1605 1134 1996 1444 1298 1218 1384 1812 1772 1457 1486 1550 1913 1330 1241 1067 1595 1121 1026 BCNSPRNW ULIB Ver.6.0+V

เปลี่ยนเป็นภาษาไทย

Change to English
 แสดงรายละเอียดบรรณานุกรม
  กลับหน้าหลัก

Brief Record : Get Marc (ISO 2709) : E-mail record : QR code < ปิดหน้าต่าง
LEADER : 00000nam 2200000uu 4500
001    13399108694
003     ULIB
008    110311s2545||||th 000 0 tha d
020    9746616412
060 04 QT104^bส356 2545 ล.3
100    กนกวรรณ ติลกสกุลชัย และ ชัยเลิศ พิชิตพรชัย
110 1  ภาควิชาสรีรวิทยา คณะแพทยศาสตร์ศิริราชพยาบาลมหาวิทยาลัยมหิดล
245 00 สรีรวิทยา^n3 /^cผู้นิพนธ์, กนกวรรณ ติลกสกุลชัย และ ชัยเลิศ พิชิตพรชัย
250    พิมพ์ครั้งที่ 1 (พิมพ์ซ้ำครั้งที่ 2)
260    กรุงเทพฯ :^bโรงพิมพ์เรือนแก้วการพิมพ์,^c2545
300    810-1080หน้า :^bภาพประกอบ ;^c26 ซม.
650  7 สรีรวิทยา
700 0  วัฒนา วัฒนาภา,^eบรรณาธิการ
700 0  สุพัตรา โล่ห์สิริวัฒน์,^eบรรณาธิการ
700 0  สุพรพิมพ์ เจียสกุล,^eบรรณาธิการ
710 2  มหาวิทยาลัยมหิดล. ^bคณะแพทยศาสตร์ศิริราชพยาบาล.^bภาควิชาสรีรวิทยา
945    ^p200^l0^i13249
945    ^p200^l0^i13248
945    ^p200^l0^i13247
945    ^p200^l0^i13246
945    ^p200^l0^i13244
945    ^p200^l0^i13243
945    ^p200^l0^i13242
945    ^p200^l0^i13250
945    ^p200^l0^i13245
995    เกษร
999    ^aใช้งานได้ทุกระบบ
รายการนี้ยังไม่มีแท็ก
คุณยังไม่ได้ล็อกอิน คุณสามารถมีกิจกรรมร่วมกับเว็บไซต์ได้ แต่ต้องล็อกอินก่อน ::
  ล็อกอิน

รายการสื่อสารสนเทศ

ลำดับที่ ประเภท เลขเรียก/บาร์โค้ด สถานที่ สถานะ
- ไม่พบข้อมูล -

รายการใกล้เคียง
    หัวเรื่อง [สรีรวิทยา]

BibComment


ยังไม่เคยถูกคอมเมนท์

คอมเมนท์ทรัพยากรรายการนี้
  คอมเมนท์: สรีรวิทยา 3 ผู้น..


 Copyright 2026. Bcnsprnw @Library